[Event "SVK-chT2A 2223"]
[Site "Slovakia"]
[Date "2023.02.12"]
[Round "9.7"]
[White "Deak, Gabriel"]
[Black "Hulla, Stanislav"]
[Result "1-0"]
[WhiteElo "1981"]
[BlackElo "1897"]
[PlyCount "67"]
[EventDate "2022.10.08"]
[EventType "team-tourn"]
[EventRounds "11"]
[EventCountry "SVK"]
[SourceTitle "EXT 2024"]
[Source "ChessBase"]
[SourceDate "2023.10.10"]
[SourceVersion "1"]
[SourceVersionDate "2023.10.10"]
[SourceQuality "1"]
[WhiteTeam "Krasnany"]
[BlackTeam "Pezinok"]
[WhiteTeamCountry "SVK"]
[BlackTeamCountry "SVK"]

1. d4 d5 2. Bf4 e6 3. Nf3 c5 4. e3 Qb6 5. Nc3 Nc6 6. Nb5 Kd8 7. Be2 a6 8. Bc7+ Qxc7 9. Nxc7 Kxc7 10. 0-0 Nf6 11. c4 Bd6 12. dxc5 Bxc5 13. cxd5 Nxd5 14. Rc1 Bd6 15. a3 Bd7 16. Nd4 Rad8 17. Bf3 Kb8 18. b4 Nxd4 19. Qxd4 Bb5 20. Rfe1 f6 21. g3 Be5 22. Qh4 h5 23. Qh3 Rde8 24. Qg2 h4 25. g4 h3 26. Qh1 Rh4 27. Rc5 Bd6 28. Rxb5 axb5 29. Kf1 f5 30. gxf5 exf5 31. Bxd5 f4 32. Bxb7 fxe3 33. Qc6 Rd8 34. Qxb5 1-0

[Event "SVK-chT2A 2223"]
[Site "Slovakia"]
[Date "2022.10.09"]
[Round "2.6"]
[White "Deak, Gabriel"]
[Black "Heriban, Karol"]
[Result "1/2-1/2"]
[WhiteElo "1981"]
[BlackElo "1633"]
[PlyCount "57"]
[EventDate "2022.10.08"]
[EventType "team-tourn"]
[EventRounds "11"]
[EventCountry "SVK"]
[SourceTitle "CBM 210 Extra"]
[Source "ChessBase"]
[SourceDate "2022.11.30"]
[SourceVersion "1"]
[SourceVersionDate "2022.11.30"]
[SourceQuality "1"]
[WhiteTeam "Krasnany"]
[BlackTeam "Senec"]
[WhiteTeamCountry "SVK"]
[BlackTeamCountry "SVK"]

1. d4 d5 2. Nc3 e6 3. Bf4 a6 4. Nf3 Nd7 5. e3 Ngf6 6. Bd3 Be7 7. Ne2 b5 8. Ne5 Bb7 9. c3 c5 10. 0-0 0-0 11. Rc1 Rc8 12. Bb1 Nh5 13. Nxd7 Qxd7 14. Qd3 f5 15. Be5 Nf6 16. Bxf6 c4 17. Qc2 Rxf6 18. f4 Rh6 19. Kh1 Kh8 20. Ng1 g5 21. Nf3 g4 22. Ne5 Qe8 23. Qf2 Bh4 24. g3 Bf6 25. Rc2 Bxe5 26. fxe5 Rh3 27. Qf4 Qh5 28. Rg2 Qg6 29. Bc2 1/2-1/2

[Event "Bratislava Slovan op"]
[Site "Bratislava"]
[Date "2016.05.03"]
[Round "5"]
[White "Deak, Gabriel"]
[Black "Kostolansky, Sebastian Lukas"]
[Result "1-0"]
[WhiteElo "1978"]
[BlackElo "1986"]
[PlyCount "73"]
[EventDate "2016.04.30"]
[EventType "swiss"]
[EventRounds "9"]
[EventCountry "SVK"]
[SourceTitle "EXT 2017"]
[Source "ChessBase"]
[SourceDate "2016.10.25"]
[SourceVersion "1"]
[SourceVersionDate "2016.10.25"]
[SourceQuality "1"]

1. d4 Nf6 2. Nf3 g6 3. Bg5 Bg7 4. c4 0-0 5. Nc3 d6 6. e4 Nbd7 7. Be2 e5 8. d5 h6 9. Bh4 Re8 10. Nd2 Nf8 11. 0-0 g5 12. Bg3 Ng6 13. b4 Nf4 14. c5 h5 15. f3 h4 16. Bf2 Nxe2+ 17. Nxe2 Nh5 18. Nc4 Qf6 19. Ne3 Qg6 20. Rc1 Nf4 21. Nc3 Bd7 22. Kh1 Kh7 23. a4 Rg8 24. Nb5 a6 25. Nxc7 Rac8 26. Nxa6 bxa6 27. c6 Bh3 28. gxh3 Nxh3 29. b5 axb5 30. axb5 Bh6 31. b6 g4 32. Nxg4 Bxc1 33. Qxc1 Nxf2+ 34. Rxf2 Qg5 35. Qxg5 Rxg5 36. b7 Rf8 37. c7 1-0

[Event "Bratislava Slovan op"]
[Site "Bratislava"]
[Date "2016.05.01"]
[Round "3"]
[White "Deak, Gabriel"]
[Black "Paulicka, Ivan"]
[Result "1-0"]
[WhiteElo "1978"]
[BlackElo "1729"]
[PlyCount "87"]
[EventDate "2016.04.30"]
[EventType "swiss"]
[EventRounds "9"]
[EventCountry "SVK"]
[SourceTitle "EXT 2017"]
[Source "ChessBase"]
[SourceDate "2016.10.25"]
[SourceVersion "1"]
[SourceVersionDate "2016.10.25"]
[SourceQuality "1"]

1. d4 Nf6 2. Nf3 d5 3. Bg5 h6 4. Bf4 g5 5. Be5 Nbd7 6. e3 Nxe5 7. Nxe5 c6 8. Bd3 Be6 9. Nd2 Qc7 10. Qe2 0-0-0 11. b4 Nd7 12. Nxd7 Bxd7 13. c4 e6 14. Rb1 Bg7 15. Nb3 e5 16. cxd5 exd4 17. 0-0 Rhe8 18. dxc6 bxc6 19. Rfc1 dxe3 20. f3 Qb6 21. b5 Kc7 22. bxc6 Bc8 23. Nc5 Qa5 24. Ne4 Bd4 25. Rc2 f5 26. Ng3 Bb6 27. Kf1 f4 28. Ne4 Qd5 29. Nf6 Qe6 30. Nxe8+ Qxe8 31. Be4 Qh5 32. Qb5 Qe8 33. Bf5 Qe7 34. Bxc8 Rxc8 35. Rd1 Rd8 36. Rxd8 Qxd8 37. Qe5+ Kc8 38. Ke2 Bc7 39. Qb5 Bb6 40. Qa6+ Kc7 41. Qb7+ Kd6 42. c7 Bxc7 43. Qc6+ Ke5 44. Qxc7+ 1-0

[Event "Bratislava Slovan op"]
[Site "Bratislava"]
[Date "2016.04.30"]
[Round "1"]
[White "Deak, Gabriel"]
[Black "Kostial, Jan"]
[Result "1-0"]
[WhiteElo "1978"]
[BlackElo "1637"]
[PlyCount "55"]
[EventDate "2016.04.30"]
[EventType "swiss"]
[EventRounds "9"]
[EventCountry "SVK"]
[SourceTitle "EXT 2017"]
[Source "ChessBase"]
[SourceDate "2016.10.25"]
[SourceVersion "1"]
[SourceVersionDate "2016.10.25"]
[SourceQuality "1"]

1. d4 g6 2. Nf3 Bg7 3. Bf4 e6 4. e3 Ne7 5. Bd3 0-0 6. Nbd2 b6 7. Qe2 Bb7 8. h4 h5 9. Rg1 d6 10. g4 hxg4 11. Rxg4 c5 12. 0-0-0 cxd4 13. exd4 Nbc6 14. c3 Qd7 15. Rdg1 f5 16. R4g3 e5 17. dxe5 dxe5 18. Bc4+ Kh8 19. Nxe5 Nxe5 20. Bxe5 Rf6 21. h5 Bd5 22. h6 Bxc4 23. hxg7+ Kxg7 24. Bxf6+ Kxf6 25. Nxc4 Qc7 26. Re1 Re8 27. Qe6+ Kg7 28. Ne5 1-0

[Event "SVK-chT2A 0809"]
[Site "Slovakia"]
[Date "2009.02.28"]
[Round "10.5"]
[White "Deak, Gabriel"]
[Black "Vach, Pavol"]
[Result "0-1"]
[WhiteElo "2044"]
[BlackElo "2104"]
[PlyCount "33"]
[EventDate "2008.10.11"]
[EventType "team-tourn"]
[EventRounds "11"]
[EventCountry "SVK"]
[SourceTitle "EXT 2010"]
[Source "ChessBase"]
[SourceDate "2010.11.25"]
[SourceVersion "1"]
[SourceVersionDate "2010.11.25"]
[SourceQuality "1"]
[WhiteTeam "Bratislava Doprastav II"]
[BlackTeam "Osuske"]
[WhiteTeamCountry "SVK"]
[BlackTeamCountry "SVK"]

1. d4 e6 2. Nf3 d5 3. Bf4 Nf6 4. e3 c5 5. c3 Nc6 6. Bd3 h6 7. Nbd2 Bd6 8. Ne5 Qc7 9. Ndf3 cxd4 10. Nxc6 bxc6 11. Bxd6 Qxd6 12. exd4 0-0 13. 0-0 c5 14. Qe2 cxd4 15. cxd4 Rb8 16. Rac1 Bd7 17. Rc2 0-1

[Event "SVK-chT2A 0809"]
[Site "Slovakia"]
[Date "2009.01.31"]
[Round "8.6"]
[White "Michal, Silvio"]
[Black "Deak, Gabriel"]
[Result "1-0"]
[WhiteElo "2123"]
[BlackElo "2044"]
[PlyCount "67"]
[EventDate "2008.10.11"]
[EventType "team-tourn"]
[EventRounds "11"]
[EventCountry "SVK"]
[SourceTitle "EXT 2010"]
[Source "ChessBase"]
[SourceDate "2010.11.25"]
[SourceVersion "1"]
[SourceVersionDate "2010.11.25"]
[SourceQuality "1"]
[WhiteTeam "Pezinok KS"]
[BlackTeam "Bratislava Doprastav II"]
[WhiteTeamCountry "SVK"]
[BlackTeamCountry "SVK"]

1. c4 e6 2. Nc3 d5 3. d4 Nf6 4. Bg5 Nbd7 5. e3 Bb4 6. Rc1 c5 7. Nf3 Qa5 8. Bxf6 Nxf6 9. Qb3 cxd4 10. exd4 0-0 11. a3 Bd6 12. c5 Bf4 13. Rd1 e5 14. dxe5 Bxe5 15. Nxe5 Re8 16. f4 Qxc5 17. Qb4 Qe3+ 18. Be2 Ne4 19. Nxe4 dxe4 20. Qd2 Qb6 21. Qd4 Qa5+ 22. Qb4 Qc7 23. Bc4 Be6 24. Bxe6 Rxe6 25. 0-0 g5 26. Rd7 Qc2 27. Qxb7 Rf8 28. Rxf7 e3 29. Rxf8+ Kxf8 30. fxg5+ Qf2+ 31. Rxf2+ exf2+ 32. Kxf2 Rxe5 33. Qxh7 Rxg5 34. Qxa7 1-0

[Event "SVK-chT2A 0506"]
[Site "Slovakia"]
[Date "2006.02.12"]
[Round "9.7"]
[White "Deak, Gabriel"]
[Black "Nicolini, Alexander"]
[Result "1/2-1/2"]
[WhiteElo "2038"]
[BlackElo "2153"]
[PlyCount "76"]
[EventDate "2005.10.22"]
[EventType "team-tourn"]
[EventRounds "11"]
[EventCountry "SVK"]
[SourceTitle "EXT 2009"]
[Source "ChessBase"]
[SourceDate "2008.11.26"]
[SourceVersion "1"]
[SourceVersionDate "2008.11.26"]
[SourceQuality "1"]

1. d4 f5 2. Nf3 Nf6 3. Bg5 d5 4. e3 e6 5. Bd3 Be7 6. Nbd2 0-0 7. h4 b6 8. Qe2 a5 9. Ne5 c5 10. c3 Ne4 11. 0-0-0 Bf6 12. Ndf3 Ba6 13. Bf4 Bxd3 14. Rxd3 c4 15. Rdd1 Qe8 16. Ng5 Bxe5 17. Bxe5 Nc6 18. Bh2 Qg6 19. f3 Nxg5 20. hxg5 Qxg5 21. Bf4 Qg6 22. Rh3 Ra7 23. Rdh1 b5 24. Qf2 b4 25. Qh4 Kf7 26. Rg3 Qf6 27. Bg5 Qg6 28. Be7 Rxe7 29. Rxg6 hxg6 30. e4 Rb8 31. exd5 exd5 32. Re1 Reb7 33. cxb4 Nxb4 34. Kd2 Nd3 35. Rb1 Rxb2+ 36. Rxb2 Rxb2+ 37. Kc3 Rxa2 38. Qd8 Nb4 1/2-1/2

[Event "SVK-chT2A 0506"]
[Site "Slovakia"]
[Date "2006.02.11"]
[Round "8.7"]
[White "Sturdik, Igor"]
[Black "Deak, Gabriel"]
[Result "1/2-1/2"]
[WhiteElo "2028"]
[BlackElo "2038"]
[PlyCount "106"]
[EventDate "2005.10.22"]
[EventType "team-tourn"]
[EventRounds "11"]
[EventCountry "SVK"]
[SourceTitle "EXT 2009"]
[Source "ChessBase"]
[SourceDate "2008.11.26"]
[SourceVersion "1"]
[SourceVersionDate "2008.11.26"]
[SourceQuality "1"]

1. e4 c5 2. Nf3 Nc6 3. d4 cxd4 4. Nxd4 Nf6 5. Nc3 e5 6. Ndb5 d6 7. Nd5 Nxd5 8. exd5 Nb8 9. c4 Be7 10. Be2 0-0 11. 0-0 a6 12. Nc3 f5 13. f4 Nd7 14. Qc2 Qb6+ 15. Kh1 e4 16. Na4 Qc7 17. Qb3 Nc5 18. Nxc5 dxc5 19. Be3 Bd7 20. Rfd1 Bd6 21. g3 Rae8 22. Rac1 Re7 23. Qc2 g5 24. Rf1 gxf4 25. Bxf4 Bxf4 26. Rxf4 Qb6 27. Rcf1 Qh6 28. g4 Rg7 29. Qc1 Qh3 30. Rg1 fxg4 31. Rxf8+ Kxf8 32. Qf4+ Rf7 33. Qxe4 Bf5 34. Qe5 Qh5 35. Rf1 Qg6 36. Kg1 Kg8 37. Rf2 Bd7 38. Rxf7 Kxf7 39. d6 Qe6 40. Qh5+ Kf8 41. Kf2 Qf6+ 42. Ke1 Qxd6 43. Qxh7 Qd4 44. b3 Ke8 45. Qh5+ Kd8 46. a4 Qc3+ 47. Kf2 Qxb3 48. Qg5+ Ke8 49. Qg8+ Ke7 50. Bxg4 Bxg4 51. Qxg4 Qxa4 52. Qg5+ Ke6 53. Qxc5 Qc2+ 1/2-1/2

[Event "SVK-chT2A 0506"]
[Site "Slovakia"]
[Date "2005.12.18"]
[Round "6.7"]
[White "Antol, Ladislav"]
[Black "Deak, Gabriel"]
[Result "1/2-1/2"]
[WhiteElo "2046"]
[BlackElo "2038"]
[PlyCount "21"]
[EventDate "2005.10.22"]
[EventType "team-tourn"]
[EventRounds "11"]
[EventCountry "SVK"]
[SourceTitle "EXT 2009"]
[Source "ChessBase"]
[SourceDate "2008.11.26"]
[SourceVersion "1"]
[SourceVersionDate "2008.11.26"]
[SourceQuality "1"]

1. e4 c5 2. Nf3 Nc6 3. d4 cxd4 4. Nxd4 Nf6 5. Nc3 e5 6. Ndb5 d6 7. Bg5 a6 8. Na3 b5 9. Nd5 Be7 10. Nxe7 Qxe7 11. c3 1/2-1/2

[Event "SVK-chT2A 0506"]
[Site "Slovakia"]
[Date "2005.10.22"]
[Round "1.7"]
[White "Deak, Gabriel"]
[Black "Stefan, Oldrich"]
[Result "1/2-1/2"]
[WhiteElo "2038"]
[BlackElo "2080"]
[PlyCount "81"]
[EventDate "2005.10.22"]
[EventType "team-tourn"]
[EventRounds "11"]
[EventCountry "SVK"]
[SourceTitle "EXT 2009"]
[Source "ChessBase"]
[SourceDate "2008.11.26"]
[SourceVersion "1"]
[SourceVersionDate "2008.11.26"]
[SourceQuality "1"]

1. d4 Nf6 2. Nf3 g6 3. Bf4 Bg7 4. e3 0-0 5. Bd3 d5 6. Nbd2 c5 7. c3 Nc6 8. Ne5 Nxe5 9. Bxe5 Nd7 10. Bxg7 Kxg7 11. h4 e5 12. Qc2 cxd4 13. exd4 e4 14. Bb5 Nf6 15. Nf1 a6 16. Be2 Bg4 17. Ne3 Bxe2 18. Qxe2 Nh5 19. Qc2 f5 20. Qb3 Nf4 21. h5 Rf7 22. hxg6 hxg6 23. 0-0-0 Nd3+ 24. Rxd3 exd3 25. Qxd5 Qxd5 26. Nxd5 Re8 27. Nf4 Rfe7 28. Nxd3 Rh8 29. Rxh8 Kxh8 30. Kd2 Kg7 31. c4 Kf6 32. d5 Rd7 33. f4 Rh7 34. b4 Rh2 35. Ne1 Rh4 36. Ke3 Rh1 37. Kf2 Rh4 38. Ke3 Rh1 39. Nc2 Rc1 40. Kd2 Rf1 41. Ke3 1/2-1/2

[Event "Bratislava Slovan op"]
[Site "Bratislava"]
[Date "2004.05.08"]
[Round "9"]
[White "Jablonicky, Frantisek"]
[Black "Deak, Gabriel"]
[Result "1-0"]
[WhiteElo "2199"]
[BlackElo "2082"]
[PlyCount "81"]
[EventDate "2004.05.??"]
[EventType "swiss"]
[EventRounds "9"]
[EventCountry "SVK"]
[SourceTitle "EXT 2005"]
[Source "ChessBase"]
[SourceDate "2004.11.15"]
[SourceVersion "1"]
[SourceVersionDate "2004.11.15"]
[SourceQuality "1"]

1. Nf3 d5 2. d4 Nf6 3. c4 e6 4. g3 c6 5. Nbd2 Bb4 6. Qc2 Qa5 7. a3 Nbd7 8. Rb1 Be7 9. Bg2 dxc4 10. Qxc4 e5 11. b4 Qc7 12. Bb2 exd4 13. Nxd4 0-0 14. N2f3 Nb6 15. Qc2 Bg4 16. h3 Bh5 17. Nf5 Rfe8 18. 0-0 Bg6 19. N3h4 Bf8 20. Rbd1 Rad8 21. e4 Nbd7 22. Kh2 a5 23. b5 c5 24. f4 Nb6 25. Be5 Qc8 26. Nxg6 hxg6 27. Nd6 Bxd6 28. Bxd6 Nbd7 29. e5 Nh7 30. Be4 Nhf8 31. Qg2 Nb6 32. Bxb7 Qe6 33. Bc6 c4 34. Bxe8 Rxe8 35. Qc6 Nfd7 36. Bc7 Rc8 37. Qxe6 fxe6 38. Bxb6 Nxb6 39. Rd6 Nd5 40. Rxe6 c3 41. Rc1 1-0

[Event "Bratislava Slovan op"]
[Site "Bratislava"]
[Date "2004.05.06"]
[Round "7"]
[White "Zdrazil, Bohumir"]
[Black "Deak, Gabriel"]
[Result "0-1"]
[WhiteElo "1981"]
[BlackElo "2082"]
[PlyCount "64"]
[EventDate "2004.05.??"]
[EventType "swiss"]
[EventRounds "9"]
[EventCountry "SVK"]
[SourceTitle "EXT 2005"]
[Source "ChessBase"]
[SourceDate "2004.11.15"]
[SourceVersion "1"]
[SourceVersionDate "2004.11.15"]
[SourceQuality "1"]

1. d4 d5 2. c4 e6 3. Nc3 Nf6 4. Bg5 Nbd7 5. e3 Bb4 6. Rc1 c5 7. a3 Bxc3+ 8. Rxc3 Qa5 9. Bxf6 Nxf6 10. dxc5 Ne4 11. b4 Nxc3 12. Qb3 Qc7 13. Qxc3 0-0 14. cxd5 exd5 15. Ne2 Be6 16. Nd4 a5 17. Bd3 axb4 18. axb4 Qe7 19. 0-0 Qg5 20. f4 Qe7 21. Bc2 Rfe8 22. Qd3 g6 23. f5 Bd7 24. Rf3 Ra1+ 25. Kf2 Qh4+ 26. Rg3 Qxh2 27. Nf3 Qh6 28. f6 Bf5 29. Qc3 Ra2 30. Nd4 Bxc2 31. Nxc2 Qh4 32. Kf3 Qe4+ 0-1

[Event "Bratislava Slovan op"]
[Site "Bratislava"]
[Date "2004.05.05"]
[Round "6"]
[White "Deak, Gabriel"]
[Black "Miklos, Miroslav"]
[Result "1-0"]
[WhiteElo "2082"]
[BlackElo "1612"]
[PlyCount "81"]
[EventDate "2004.05.??"]
[EventType "swiss"]
[EventRounds "9"]
[EventCountry "SVK"]
[SourceTitle "EXT 2005"]
[Source "ChessBase"]
[SourceDate "2004.11.15"]
[SourceVersion "1"]
[SourceVersionDate "2004.11.15"]
[SourceQuality "1"]

1. d4 d5 2. Nf3 Nf6 3. Bg5 Ne4 4. Bf4 e6 5. e3 Bd6 6. Ne5 Nd7 7. Bd3 c5 8. Bxe4 dxe4 9. Nxf7 Qa5+ 10. Nd2 Kxf7 11. Bxd6 cxd4 12. 0-0 Qd5 13. Ba3 e5 14. exd4 exd4 15. Qg4 Nf6 16. Qf4 Bd7 17. Rad1 g5 18. Qd6 Qxd6 19. Bxd6 Rhc8 20. Be5 Rxc2 21. Bxd4 Bf5 22. Rfe1 Rd8 23. Bxf6 Rdxd2 24. Rxd2 Rxd2 25. Bc3 Rd3 26. h3 h5 27. Rc1 Bd7 28. Bb4 Bc6 29. Rc5 Kg6 30. Kf1 Bd5 31. a3 g4 32. h4 a6 33. Ke2 Kf5 34. Bc3 Kg6 35. Rc7 Kf5 36. Rh7 Bc4 37. Rxh5+ Ke6 38. Ke1 Kd7 39. Re5 Bd5 40. h5 Kd6 41. h6 1-0

[Event "Bratislava Slovan op"]
[Site "Bratislava"]
[Date "2004.05.02"]
[Round "2"]
[White "Deak, Gabriel"]
[Black "Hudakova, Hana"]
[Result "1-0"]
[WhiteElo "2082"]
[BlackElo "1522"]
[PlyCount "81"]
[EventDate "2004.05.??"]
[EventType "swiss"]
[EventRounds "9"]
[EventCountry "SVK"]
[SourceTitle "EXT 2005"]
[Source "ChessBase"]
[SourceDate "2004.11.15"]
[SourceVersion "1"]
[SourceVersionDate "2004.11.15"]
[SourceQuality "1"]

1. d4 d5 2. Nf3 Nf6 3. Bg5 e6 4. e3 h6 5. Bf4 c5 6. c3 Nc6 7. Bd3 cxd4 8. exd4 Be7 9. Nbd2 0-0 10. Ne5 a6 11. h4 Qb6 12. Rb1 Re8 13. g4 Bd6 14. g5 Ne4 15. Bxe4 dxe4 16. Nec4 Qd8 17. Nxd6 Re7 18. Nxc8 Rxc8 19. gxh6 Qd5 20. Rg1 g6 21. Qg4 Qf5 22. Qxf5 exf5 23. Nb3 b6 24. d5 Ne5 25. Bxe5 Rxe5 26. Rd1 Rd8 27. h5 Kh7 28. hxg6+ fxg6 29. d6 Rd7 30. Ke2 Kxh6 31. Na1 f4 32. Nc2 g5 33. Rd4 Kg6 34. Nb4 a5 35. Nc6 Re6 36. Rd5 Kf6 37. Rgxg5 Rdxd6 38. Rgf5+ Kg7 39. Rxd6 Rxd6 40. Nd4 Rf6 41. Re5 1-0

[Event "SVK-chT1W 0203"]
[Site "Slovakia"]
[Date "2003.03.16"]
[Round "11.6"]
[White "Deak, Gabriel"]
[Black "Hrncar, Lubomir"]
[Result "1/2-1/2"]
[WhiteElo "2072"]
[BlackElo "2065"]
[PlyCount "38"]
[EventDate "2002.10.12"]
[EventType "team-tourn"]
[EventRounds "11"]
[EventCountry "SVK"]
[SourceTitle "EXT 2005"]
[Source "ChessBase"]
[SourceDate "2004.11.15"]
[SourceVersion "1"]
[SourceVersionDate "2004.11.15"]
[SourceQuality "1"]
[WhiteTeam "Bratislava Krasnany"]
[BlackTeam "Pezinok"]
[WhiteTeamCountry "SVK"]
[BlackTeamCountry "SVK"]

1. d4 d5 2. Nf3 Nf6 3. Bg5 h6 4. Bf4 c5 5. e3 e6 6. c3 Qb6 7. Qc2 Nc6 8. Nbd2 Bd7 9. Bd3 c4 10. Be2 Rc8 11. Ne5 Be7 12. g4 Qa5 13. Rg1 Nxe5 14. dxe5 Ba4 15. b3 cxb3 16. axb3 Rxc3 17. Qb2 Ne4 18. Kf1 Nxd2+ 19. Qxd2 Qc5 1/2-1/2

[Event "Bratislava Slovan op"]
[Site "Bratislava"]
[Date "2002.10.12"]
[Round "7"]
[White "Deak, Gabriel"]
[Black "Sulek, Viliam"]
[Result "1/2-1/2"]
[WhiteElo "2075"]
[BlackElo "2160"]
[PlyCount "76"]
[EventDate "2002.04.27"]
[EventType "swiss"]
[EventRounds "9"]
[EventCountry "SVK"]
[SourceTitle "EXT 2004"]
[Source "ChessBase"]
[SourceDate "2003.11.25"]
[SourceVersion "1"]
[SourceVersionDate "2003.11.25"]
[SourceQuality "1"]

1. d4 Nf6 2. Bg5 g6 3. Bxf6 exf6 4. e3 Bg7 5. h4 h5 6. c4 d6 7. Ne2 Nd7 8. Nbc3 f5 9. Nf4 Nf6 10. Qb3 Ng4 11. c5 c6 12. cxd6 Qxd6 13. Bc4 0-0 14. Rd1 b5 15. Be2 a6 16. 0-0 Bh6 17. g3 Bxf4 18. exf4 Nf6 19. Bf3 Re8 20. Rfe1 Rxe1+ 21. Rxe1 Be6 22. Qc2 Rc8 23. Ne2 Qb4 24. Ra1 Bc4 25. a3 Qd6 26. Rc1 Bxe2 27. Qxe2 Qxd4 28. Rxc6 Re8 29. Qc2 Ne4 30. Rc8 Rxc8 31. Qxc8+ Kg7 32. Bxe4 fxe4 33. Qc2 a5 34. Qb3 b4 35. axb4 axb4 36. Kf1 Qd2 37. Kg1 Qe1+ 38. Kg2 Qd2 1/2-1/2

[Event "SVK-chT1W 0203"]
[Site "Slovakia"]
[Date "2002.10.12"]
[Round "1.6"]
[White "Sekera, Branislav"]
[Black "Deak, Gabriel"]
[Result "1/2-1/2"]
[WhiteElo "2128"]
[BlackElo "2072"]
[PlyCount "63"]
[EventDate "2002.10.12"]
[EventType "team-tourn"]
[EventRounds "11"]
[EventCountry "SVK"]
[SourceTitle "EXT 2005"]
[Source "ChessBase"]
[SourceDate "2004.11.15"]
[SourceVersion "1"]
[SourceVersionDate "2004.11.15"]
[SourceQuality "1"]
[WhiteTeam "Bratislava Krasnany"]
[BlackTeam "Senica"]
[WhiteTeamCountry "SVK"]
[BlackTeamCountry "SVK"]

1. d4 d5 2. Nf3 Nf6 3. Bg5 e6 4. e3 Be7 5. Bd3 h6 6. Bf4 Nbd7 7. Nbd2 0-0 8. Ne5 c5 9. c3 Nxe5 10. dxe5 Nd7 11. h4 f5 12. g4 d4 13. exd4 Bxh4 14. gxf5 cxd4 15. Qg4 Bg5 16. f6 Nxf6 17. exf6 dxc3 18. Bxg5 Qxd3 19. Bxh6 cxd2+ 20. Kd1 Qh7 21. Qxg7+ Qxg7 22. Bxg7 Re8 23. Kxd2 Bd7 24. Ke3 Bc6 25. Rh8+ Kf7 26. Rxe8 Rxe8 27. Rd1 Bd5 28. Rc1 Bc6 29. a3 Rd8 30. b4 Rd7 31. Rc3 Rd5 32. f4 1/2-1/2

[Event "SVK-chT2W 0102"]
[Site "Slovakia"]
[Date "2002.02.16"]
[Round "8.7"]
[White "Deak, Gabriel"]
[Black "Kovarik, Otto"]
[Result "1-0"]
[WhiteElo "2075"]
[BlackElo "2086"]
[PlyCount "113"]
[EventDate "2001.10.??"]
[EventType "team"]
[EventRounds "11"]
[EventCountry "SVK"]
[SourceTitle "EXT 2006"]
[Source "ChessBase"]
[SourceDate "2005.11.24"]
[SourceVersion "1"]
[SourceVersionDate "2005.11.24"]
[SourceQuality "1"]

1. d4 d5 2. Nf3 e6 3. c4 Nf6 4. Bg5 Be7 5. e3 0-0 6. Bd3 dxc4 7. Bxc4 c5 8. 0-0 h6 9. Bh4 a6 10. a4 b6 11. Nc3 Bb7 12. Qe2 Nd5 13. Bg3 cxd4 14. Bxd5 exd5 15. Nxd4 Qd7 16. Qh5 f5 17. Rfd1 Nc6 18. Nde2 Nb4 19. Nf4 Bf6 20. Ng6 Rfe8 21. Bh4 Qd8 22. Bxf6 Qxf6 23. Nf4 d4 24. exd4 Nc2 25. Rac1 Nxd4 26. Ncd5 Qe5 27. Nc7 Qxf4 28. Nxe8 Qe4 29. Nf6+ gxf6 30. Qg6+ Kf8 31. Rc7 Qxg2+ 32. Qxg2 Bxg2 33. Kxg2 Rd8 34. Rc4 Ne6 35. Rxd8+ Nxd8 36. Rc7 Ke8 37. Rh7 Ne6 38. Rb7 Nc5 39. Rxb6 Nxa4 40. Rxa6 Nxb2 41. Rxf6 Ke7 42. Rxf5 Nd3 43. Kg3 Ke6 44. Rh5 Kf6 45. Rxh6+ Kg5 46. Ra6 Nb4 47. Ra5+ Kg6 48. Kg4 Nd3 49. Ra6+ Kg7 50. f4 Nf2+ 51. Kf5 Nd3 52. Kg5 Nc5 53. Ra7+ Kf8 54. Kg6 Ne4 55. h4 Nc5 56. h5 Ne6 57. Kf6 1-0

[Event "SVK-chT1W 0102"]
[Site "Slovakia"]
[Date "2002.??.??"]
[Round "1"]
[White "Deak, Gabriel"]
[Black "Dobrotka, Martin"]
[Result "1/2-1/2"]
[WhiteElo "2072"]
[BlackElo "2198"]
[PlyCount "81"]
[EventDate "2001.10.??"]
[EventType "team"]
[EventRounds "11"]
[EventCountry "SVK"]
[SourceTitle "EXT 2007"]
[Source "ChessBase"]
[SourceDate "2006.11.23"]
[SourceVersion "1"]
[SourceVersionDate "2006.11.23"]
[SourceQuality "1"]

1. d4 Nf6 2. Nf3 g6 3. c4 Bg7 4. Nc3 0-0 5. e4 d6 6. Be2 e5 7. d5 Nbd7 8. Bg5 h6 9. Bh4 g5 10. Bg3 Nh5 11. h4 Nxg3 12. fxg3 g4 13. Nh2 h5 14. 0-0 Nc5 15. Qc2 a5 16. Rae1 c6 17. Bd3 Nxd3 18. Qxd3 Qb6+ 19. Kh1 Qd4 20. Qe2 a4 21. Rd1 Qc5 22. Qd2 f6 23. dxc6 bxc6 24. Qxd6 Qxc4 25. a3 Ra7 26. Qd2 Be6 27. Qf2 Rb7 28. Qc2 Qc5 29. Qf2 Qc4 30. Rd6 Rfb8 31. Rb1 Qxc3 32. Rxe6 Rxb2 33. Rxb2 Rxb2 34. Qf5 Rb8 35. Re7 Qc4 36. Nf1 Kf8 37. Rc7 Re8 38. Kh2 Qe6 39. Qg6 Re7 40. Rxe7 Qxe7 41. Qxh5 1/2-1/2

[Event "SVK-chT1W 0102"]
[Site "Slovakia"]
[Date "2002.??.??"]
[Round "4"]
[White "Deak, Gabriel"]
[Black "Mydlarik, Martin"]
[Result "0-1"]
[WhiteElo "2072"]
[BlackElo "2108"]
[PlyCount "70"]
[EventDate "2001.10.??"]
[EventType "team"]
[EventRounds "11"]
[EventCountry "SVK"]
[SourceTitle "EXT 2007"]
[Source "ChessBase"]
[SourceDate "2006.11.23"]
[SourceVersion "1"]
[SourceVersionDate "2006.11.23"]
[SourceQuality "1"]

1. d4 e6 2. Nf3 b6 3. Bf4 Bb7 4. e3 Nf6 5. Bd3 Be7 6. Nbd2 d5 7. Ne5 0-0 8. Ndf3 Ne4 9. h4 Nd7 10. Nxd7 Qxd7 11. Ne5 Qe8 12. Qg4 Kh8 13. f3 Nf6 14. Qh3 c5 15. g4 c4 16. Be2 Nd7 17. g5 Nxe5 18. Bxe5 f6 19. Bg3 e5 20. c3 Bc8 21. Qh2 exd4 22. exd4 Bf5 23. gxf6 Bxf6 24. 0-0 Qd7 25. Rfe1 b5 26. Bf1 a5 27. Be5 Ra6 28. Bg2 Qf7 29. Qf4 Qh5 30. Bxf6 Raxf6 31. Re5 Qf7 32. Rae1 Be4 33. Qg3 Bxf3 34. Rf1 Bxg2 35. Rxf6 gxf6 0-1

[Event "SVK-chT1W 0102"]
[Site "Slovakia"]
[Date "2002.??.??"]
[Round "2"]
[White "Mikulas, Jaroslav"]
[Black "Deak, Gabriel"]
[Result "1-0"]
[WhiteElo "2152"]
[BlackElo "2072"]
[PlyCount "77"]
[EventDate "2001.10.??"]
[EventType "team"]
[EventRounds "11"]
[EventCountry "SVK"]
[SourceTitle "EXT 2007"]
[Source "ChessBase"]
[SourceDate "2006.11.23"]
[SourceVersion "1"]
[SourceVersionDate "2006.11.23"]
[SourceQuality "1"]

1. e4 d5 2. exd5 Nf6 3. d4 Nxd5 4. Nf3 Bg4 5. c4 Nb6 6. c5 N6d7 7. Bc4 e6 8. Be3 Nc6 9. Nbd2 Be7 10. Qa4 0-0 11. Bb5 Ncb8 12. 0-0 c6 13. Bd3 Bxf3 14. Nxf3 Nxc5 15. Bxh7+ Kxh7 16. dxc5 Nd7 17. Rfd1 Qe8 18. Qb3 Kg8 19. Qxb7 Nxc5 20. Qc7 Na6 21. Qa5 Qc8 22. Rac1 Rb8 23. Qa4 c5 24. Ne5 Rb4 25. Qa3 Re4 26. Nc4 Nb4 27. Qxa7 Nd5 28. Nb6 Nxb6 29. Qxe7 Nd5 30. Qxc5 Qa6 31. a3 Rg4 32. Qc6 Qa4 33. Qxa4 Rxa4 34. Bc5 Rb8 35. Rc2 Ra5 36. Bd4 Nf4 37. g3 Ng6 38. Bc3 Ne7 39. Bxa5 1-0